| 000 | 00725nam a22002057a 4500 | ||
|---|---|---|---|
| 005 | 20170301113116.0 | ||
| 010 | _a1617EN | ||
| 020 |
_a9780680087228 _c599.00 |
||
| 035 | _aB-649551-559 | ||
| 037 |
_aDPL _bAAKAR |
||
| 082 | _aS | ||
| 100 | _aChopra, Ashok | ||
| 245 |
_aOf love and other sorrows: _cby Vinay Sitapati _bten modernists / |
||
| 260 |
_aGurgaon _bPenguin Books _c2016 |
||
| 270 |
_a7th floor, infinity Toer C, DLF Cyber City _bGurgaon (Haryana) _e122002 |
||
| 300 |
_axxx,258p. _c24cm(HB) |
||
| 500 | _aincluds index | ||
| 942 |
_2ddc _cEN _hS _mCHO |
||
| 999 |
_c102175 _d102175 |
||